LEADER 00393naa a2200133 i 4500 001 000000323173 003 CaOOAMICUS 005 20180831173419.0 008 180831n it u000 u ita u 013 $a33512 040 $aSeMil$bita 245 10$aManzoni. 773 0 $tAntologia dei saggi di umanismo cristiano.$dPavia : [s.n.], 1973$gp.663-674$w()201462 996 $6245$aManzoni$9(OLS)http://semarc/title/25322 LEADER 00687nam a2200169 i 4500 001 000000002857 003 CaOOAMICUS 005 20180830125436.0 008 180830s1924 gw u000 u und u 040 $aSeMil$bita 100 1 $aWassermann, Jakob,$d<1873-1934>.$0(OLS)http://semarc/name/2261 245 10$aGesammelte Werke /$cJakob Wassermann. 260 $aBerlin :$bS. Fischer,$cc1924. 300 $av. ;$c21 cm. 774 0 $aWassermann, Jakob <1873-1934>$tCaspar Hauser oder Die Fragheit des Herzens.$b[30.-34. Aufl.].$dBerlin : S. Fischer, [1926]$w()173653 996 $6245$aGesammelte Werke$9(OLS)http://semarc/title/1268 996 $6260$aBerlin :$bS. Fischer$9(OLS)http://semarc/publisher/30928